| 000 | 00890nam a22002417a 4500 | ||
|---|---|---|---|
| 001 | 0000003407 | ||
| 003 | PPM | ||
| 005 | 20260421093302.0 | ||
| 008 | 260421b ||||| |||| 00| 0 eng d | ||
| 020 |
_a9679785912 _cRM 79.00 _qHardback |
||
| 035 | _a0000003407 | ||
| 040 |
_bEng _cPusat Penyelidikan Mineral, Jabatan Mineral Dan Geosains Malaysia _dPPM _eRDA |
||
| 082 | 0 | 0 |
_219 _a354.5950 _bAHM 1996 |
| 100 | 1 |
_aAhmad Sarji Abdul Hamid, Tan Sri, Dato' Seri, _d1938- _eauthor |
|
| 245 | 1 | 0 |
_aThe Chief Secretary To The Government, Malaysia / _cby Ahmad Sarji |
| 260 | 1 |
_aPetaling Jaya : _bPelanduk Publications, _c1996 |
|
| 300 | 0 | 0 |
_a425 pages .: _bsome colour, illustrations .; _c22 cm |
| 504 | _aIncludes indexs ( p.: 415 - 425 ) | ||
| 650 | 1 | 0 |
_aGovernment executives _zMalaysia |
| 650 | 2 | 0 |
_aCivil service _zMalaysia |
| 651 | 1 | 0 |
_aMalaysia _xOfficials and employees |
| 942 |
_2ddc _cBK |
||
| 999 |
_c27207 _d27207 |
||